[Event "Foxwoods op 16th"]
[Site "Ledyard"]
[Date "2024.03.31"]
[Round "8"]
[White "Hardaway, Brewington"]
[Black "Zhou, Jianchao"]
[Result "1/2-1/2"]
[WhiteElo "2455"]
[BlackElo "2567"]
[PlyCount "85"]
[EventDate "2024.03.27"]
[EventType "swiss"]
[EventRounds "9"]
[EventCountry "USA"]
[SourceTitle "CB14_2024"]
[SourceDate "2024.04.01"]
[SourceVersion "1"]
[SourceVersionDate "2024.04.01"]
[SourceQuality "1"]

1. e4 c5 2. Nf3 d6 3. d4 cxd4 4. Nxd4 Nf6 5. Nc3 a6 6. Be2 e5 7. Nb3 Be7 8. 0-0 0-0 9. Qd3 Be6 10. Be3 Nbd7 11. Nd5 Bxd5 12. exd5 Ne8 13. a4 f5 14. a5 Bg5 15. Bxg5 Qxg5 16. f4 Qe7 17. fxe5 Nxe5 18. Qd2 g6 19. c4 Rc8 20. Rac1 Nd7 21. Nd4 Ng7 22. b4 Rfe8 23. Rfe1 Qe3+ 24. Qxe3 Rxe3 25. Bf1 Ree8 26. Rxe8+ Nxe8 27. Nb3 Nef6 28. c5 dxc5 29. bxc5 Nxd5 30. Bc4 N7f6 31. Rd1 Rd8 32. Nd4 Kh8 33. Ne6 Rd7 34. c6 bxc6 35. Nc5 Ra7 36. Nxa6 Kg7 37. Ra1 Kf8 38. Nc5 Ke7 39. a6 Kd6 40. Nb7+ Kc7 41. Nc5 Kd6 42. Nb7+ Kc7 43. Nc5 1/2-1/2

[Event "Charlotte op"]
[Site "Charlotte"]
[Date "2024.01.14"]
[Round "4"]
[White "Zhou, Jianchao"]
[Black "Kraai, Jesse"]
[Result "1/2-1/2"]
[WhiteElo "2562"]
[BlackElo "2375"]
[PlyCount "74"]
[EventDate "2024.01.05"]
[EventType "swiss"]
[EventRounds "6"]
[EventCountry "USA"]
[SourceTitle "CB04_2024"]
[SourceDate "2023.10.16"]
[SourceVersion "1"]
[SourceVersionDate "2023.10.16"]
[SourceQuality "1"]

1. Nf3 Nf6 2. c4 e6 3. Nc3 d5 4. e3 Be7 5. b3 0-0 6. Bb2 c5 7. cxd5 exd5 8. d4 b6 9. Be2 Bb7 10. 0-0 Nbd7 11. Bd3 Re8 12. Qe2 a6 13. Rfd1 Bd6 14. Rac1 Qe7 15. Bf5 Rad8 16. Bxd7 Nxd7 17. dxc5 Nxc5 18. Kh1 Qe6 19. Na4 Qh6 20. Bd4 Ne4 21. Kg1 b5 22. Nc3 b4 23. Nxe4 dxe4 24. Ne5 Rc8 25. Qg4 Rxc1 26. Rxc1 Qe6 27. Qxe6 Rxe6 28. Nc4 f6 29. Kf1 Bc6 30. Ke1 Bf8 31. Na5 Bb5 32. Bc5 Re5 33. Bxf8 Kxf8 34. Rc8+ Kf7 35. Rc7+ Kg6 36. Nc6 Bxc6 37. Rxc6 Ra5 1/2-1/2

[Event "Charlotte op"]
[Site "Charlotte"]
[Date "2024.01.14"]
[Round "2"]
[White "Zhou, Jianchao"]
[Black "Proleiko, Julian"]
[Result "1/2-1/2"]
[WhiteElo "2562"]
[BlackElo "2270"]
[PlyCount "62"]
[EventDate "2024.01.05"]
[EventType "swiss"]
[EventRounds "6"]
[EventCountry "USA"]
[SourceTitle "CB04_2024"]
[SourceDate "2023.10.16"]
[SourceVersion "1"]
[SourceVersionDate "2023.10.16"]
[SourceQuality "1"]

1. Nf3 g6 2. d4 Bg7 3. c4 c5 4. e4 cxd4 5. Nxd4 Nc6 6. Be3 Qb6 7. Nb3 Qd8 8. Qd2 Nf6 9. f3 0-0 10. Nc3 a5 11. Na4 d6 12. Be2 Nd7 13. 0-0 b6 14. Nd4 Nxd4 15. Bxd4 Bxd4+ 16. Qxd4 Qc7 17. Rfd1 Bb7 18. Bf1 Rad8 19. Rd2 Nc5 20. Nc3 Ne6 21. Qf2 Bc6 22. Re1 Nc5 23. f4 e5 24. f5 f6 25. h4 Qe7 26. Nd5 Bxd5 27. Rxd5 Kh8 28. g3 Rg8 29. Bh3 g5 30. h5 h6 31. g4 Qc7 1/2-1/2

[Event "US Masters op"]
[Site "Charlotte"]
[Date "2023.11.26"]
[Round "9"]
[White "Zhou, Jianchao"]
[Black "Wang, Jason"]
[Result "1/2-1/2"]
[WhiteElo "2557"]
[BlackElo "2431"]
[PlyCount "77"]
[EventDate "2023.11.22"]
[EventType "swiss"]
[EventRounds "9"]
[EventCountry "USA"]
[SourceTitle "CB48_2023"]
[SourceDate "2023.11.29"]
[SourceVersion "1"]
[SourceVersionDate "2023.11.29"]
[SourceQuality "1"]

1. e4 c5 2. Nf3 e6 3. d4 cxd4 4. Nxd4 Nc6 5. Nc3 Qc7 6. Ncb5 Qb8 7. Bd3 Nf6 8. 0-0 Be7 9. c4 0-0 10. Be3 Ne5 11. h3 b6 12. Nf3 Nxf3+ 13. Qxf3 Bb7 14. Bf4 d6 15. Qe2 Nd7 16. Rac1 Ne5 17. Bb1 a6 18. Nc3 Bc6 19. a4 Qb7 20. Rfd1 Rfc8 21. b3 Be8 22. Bd3 h6 23. Qd2 Rab8 24. Bf1 Bc6 25. Qe3 Rd8 26. Rc2 Rbc8 27. Rcd2 Kh7 28. Kh1 Ng6 29. Bxd6 Bg5 30. f4 Rxd6 31. fxg5 Rxd2 32. Qxd2 hxg5 33. Qxg5 Qc7 34. Be2 Kg8 35. Bg4 Qg3 36. Ne2 Qxb3 37. Nd4 Qxc4 38. Bxe6 fxe6 39. Nxc6 1/2-1/2

[Event "US Masters op"]
[Site "Charlotte"]
[Date "2023.11.25"]
[Round "7"]
[White "Zhou, Jianchao"]
[Black "Ringoir, Tanguy"]
[Result "1/2-1/2"]
[WhiteElo "2557"]
[BlackElo "2507"]
[PlyCount "53"]
[EventDate "2023.11.22"]
[EventType "swiss"]
[EventRounds "9"]
[EventCountry "USA"]
[SourceTitle "CB48_2023"]
[SourceDate "2023.11.29"]
[SourceVersion "1"]
[SourceVersionDate "2023.11.29"]
[SourceQuality "1"]

1. c4 c5 2. Nf3 Nc6 3. Nc3 Nf6 4. g3 d5 5. d4 e6 6. cxd5 Nxd5 7. Bg2 cxd4 8. Nxd4 Nxc3 9. bxc3 Nxd4 10. Qxd4 Qxd4 11. cxd4 Bd6 12. Bf4 Bxf4 13. gxf4 Ke7 14. Kd2 Rd8 15. e3 Rb8 16. Rhc1 b6 17. Rc7+ Rd7 18. Rac1 Bb7 19. Bxb7 Rxb7 20. Rxb7 Rxb7 21. Rc8 Rd7 22. Ra8 h6 23. h4 Kf6 24. Ke2 g5 25. fxg5+ hxg5 26. hxg5+ Kxg5 27. a4 1/2-1/2

[Event "US Masters op"]
[Site "Charlotte"]
[Date "2023.11.24"]
[Round "5"]
[White "Zhou, Jianchao"]
[Black "Rodrigue Lemieux, Shawn"]
[Result "1-0"]
[WhiteElo "2557"]
[BlackElo "2492"]
[PlyCount "87"]
[EventDate "2023.11.22"]
[EventType "swiss"]
[EventRounds "9"]
[EventCountry "USA"]
[SourceTitle "CB48_2023"]
[SourceDate "2023.11.29"]
[SourceVersion "1"]
[SourceVersionDate "2023.11.29"]
[SourceQuality "1"]

1. c4 Nf6 2. Nf3 e6 3. g3 d5 4. Bg2 Be7 5. d4 0-0 6. Qc2 c5 7. dxc5 d4 8. b4 a5 9. b5 Bxc5 10. Nbd2 Nbd7 11. a4 e5 12. 0-0 Ra7 13. Nb3 Re8 14. Nxc5 Nxc5 15. Ba3 b6 16. Bxc5 bxc5 17. Nd2 Be6 18. Rfe1 Nd7 19. Bc6 Qe7 20. e3 Rc8 21. exd4 exd4 22. Bd5 Nf8 23. Nf3 Qf6 24. Bxe6 Nxe6 25. Qd3 g6 26. Re5 Re7 27. h4 Nf8 28. Rxe7 Qxe7 29. Re1 Qd6 30. Qd2 Nd7 31. Qxa5 Nb6 32. Qa6 Ra8 33. Qb7 Rb8 34. Qe7 Qxe7 35. Rxe7 Ra8 36. Rc7 Nxa4 37. Ne5 f6 38. Nd7 Rd8 39. Nxf6+ Kf8 40. Nxh7+ Ke8 41. Nf6+ Kf8 42. Rd7 Rc8 43. Rh7 d3 44. Kf1 1-0

[Event "Tianjin Binhai Cup-A 3rd"]
[Site "Tianjin"]
[Date "2023.08.25"]
[Round "9"]
[White "Zhou, Jianchao"]
[Black "Fan, Jingyi"]
[Result "1/2-1/2"]
[WhiteElo "2558"]
[BlackElo "1806"]
[PlyCount "106"]
[EventDate "2023.08.20"]
[EventType "swiss"]
[EventRounds "9"]
[EventCountry "CHN"]
[SourceTitle "CBM 215 Extra"]
[Source "ChessBase"]
[SourceDate "2023.09.30"]
[SourceVersion "1"]
[SourceVersionDate "2023.09.30"]
[SourceQuality "1"]

1. e4 c5 2. Nf3 Nc6 3. Bb5 e6 4. 0-0 Nge7 5. Re1 a6 6. Bf1 d5 7. exd5 Nxd5 8. d4 cxd4 9. Nxd4 Ndb4 10. Nxc6 Qxd1 11. Rxd1 bxc6 12. Na3 a5 13. c3 Nd5 14. Nc4 f6 15. a4 Be7 16. Bd2 e5 17. b4 axb4 18. cxb4 Bxb4 19. Bxb4 Nxb4 20. Nb6 Rb8 21. a5 Bf5 22. Rdc1 Ke7 23. f4 Nd5 24. Rxc6 Nxb6 25. axb6 Rhd8 26. fxe5 fxe5 27. Ra7+ Rd7 28. Ra5 Rd6 29. Rxe5+ Be6 30. Rc7+ Kf6 31. Re3 Rbxb6 32. Rf3+ Kg6 33. Rg3+ Kf6 34. Rcxg7 Bf5 35. Rg8 Bg6 36. Rf3+ Ke5 37. h4 Rf6 38. Be2 Rxf3 39. Bxf3 Kf6 40. Ra8 Re6 41. Ra4 Rb6 42. g4 h6 43. Kf2 Be8 44. Rc4 Bf7 45. Rd4 Be8 46. Kg3 Bf7 47. Kf4 Rb5 48. Be4 Rc5 49. Bd3 Rd5 50. Rxd5 Bxd5 51. g5+ hxg5+ 52. hxg5+ Kg7 53. Ke5 Bf7 1/2-1/2

[Event "Tianjin Binhai Cup-A 3rd"]
[Site "Tianjin"]
[Date "2023.08.20"]
[Round "2"]
[White "Bai, Changlin"]
[Black "Zhou, Jianchao"]
[Result "0-1"]
[WhiteElo "1808"]
[BlackElo "2558"]
[PlyCount "155"]
[EventDate "2023.08.20"]
[EventType "swiss"]
[EventRounds "9"]
[EventCountry "CHN"]
[SourceTitle "CBM 215 Extra"]
[Source "ChessBase"]
[SourceDate "2023.09.30"]
[SourceVersion "1"]
[SourceVersionDate "2023.09.30"]
[SourceQuality "1"]

1. d4 Nf6 2. Bg5 d5 3. e3 c5 4. c3 Qb6 5. Qb3 c4 6. Qxb6 axb6 7. Bxf6 gxf6 8. Nd2 f5 9. Ne2 Nd7 10. g3 b5 11. a3 e6 12. Rb1 Nf6 13. Bg2 h5 14. h4 Bd6 15. Nf4 Bd7 16. 0-0 Ke7 17. Rfe1 Be8 18. Kf1 Ne4 19. Nxe4 fxe4 20. f3 Bc6 21. Ne2 Rag8 22. f4 f6 23. Kf2 e5 24. Bh3 Bd7 25. Bxd7 Kxd7 26. Rbd1 exf4 27. exf4 Ke6 28. Rg1 Rg7 29. Rg2 Rhg8 30. Rdg1 Kd7 31. Ke3 Kc6 32. Kf2 Kb6 33. Ke3 Rg4 34. Rf2 f5 35. Rfg2 Ra8 36. Rc1 Rgg8 37. Rgg1 Ka5 38. Rg2 Ka4 39. Re1 Rg4 40. Rf1 Rag8 41. Rfg1 Be7 42. Rh2 R8g6 43. Kd2 Bd6 44. Rf2 Kb3 45. Kc1 Be7 46. Rff1 Bxh4 47. gxh4 Rg2 48. Rxg2 Rxg2 49. Kd2 Kxb2 50. Rg1 Rh2 51. Rg7 Rh3 52. Ng3 Kxa3 53. Nxf5 b4 54. cxb4 Kb2 55. Ne3 c3+ 56. Ke2 Rh2+ 57. Kd1 Rd2+ 58. Ke1 c2 59. Nxc2 Kxc2 60. Rg3 Rh2 61. f5 Rxh4 62. f6 Rf4 63. Rg2+ Kd3 64. Rd2+ Kc3 65. Rf2 Rxf2 66. Kxf2 Kd2 67. f7 e3+ 68. Kg2 e2 69. f8Q e1Q 70. Qa8 Qe7 71. Qa2+ Kd3 72. Qb3+ Kxd4 73. Qd1+ Kc4 74. Qf1+ Kxb4 75. Qb1+ Kc5 76. Qc2+ Kd6 77. Qg6+ Qe6 78. Qxh5 0-1

[Event "Tianjin Binhai Cup-A 3rd"]
[Site "Tianjin"]
[Date "2023.08.20"]
[Round "1"]
[White "Zhou, Jianchao"]
[Black "Jiang, Haochen"]
[Result "0-1"]
[WhiteElo "2558"]
[BlackElo "2018"]
[PlyCount "114"]
[EventDate "2023.08.20"]
[EventType "swiss"]
[EventRounds "9"]
[EventCountry "CHN"]
[SourceTitle "CBM 215 Extra"]
[Source "ChessBase"]
[SourceDate "2023.09.30"]
[SourceVersion "1"]
[SourceVersionDate "2023.09.30"]
[SourceQuality "1"]

1. d4 Nf6 2. c4 e6 3. Nf3 d5 4. Nc3 c5 5. cxd5 cxd4 6. Qxd4 exd5 7. Bg5 Be7 8. e3 Nc6 9. Qd3 0-0 10. Be2 Be6 11. 0-0 Qd7 12. Rac1 Rfd8 13. Nd4 Rac8 14. Ncb5 Ne5 15. Qb1 a6 16. Nc3 b5 17. f4 Nc4 18. f5 Nd2 19. fxe6 fxe6 20. Qd3 Nxf1 21. Rxf1 Rf8 22. a3 Rce8 23. Bd1 g6 24. h3 Kg7 25. a4 b4 26. Qxa6 Bc5 27. Bxf6+ Rxf6 28. Rxf6 Kxf6 29. Nce2 Qd6 30. Qd3 Rd8 31. Kh1 e5 32. Nb3 Ba7 33. Nd2 e4 34. Qb3 Kg7 35. Nf4 g5 36. Nh5+ Kh6 37. Nf1 Rf8 38. Nfg3 Qc5 39. Nxe4 Rf1+ 40. Kh2 Qxe3 41. Qxe3 Bxe3 42. Be2 Re1 43. Neg3 Bg1+ 44. Kh1 Bd4+ 45. Kh2 Bxb2 46. Bf3 Be5 47. Bxd5 Re3 48. a5 b3 49. a6 b2 50. a7 Ra3 51. a8Q Rxa8 52. Bxa8 b1Q 53. Bf3 Qe1 54. Bg4 Kg6 55. Bf5+ Kf7 56. Bxh7 Bd4 57. h4 g4 0-1

[Event "Charlotte Super op"]
[Site "Charlotte"]
[Date "2023.07.10"]
[Round "3"]
[White "Zhao, Erick"]
[Black "Zhou, Jianchao"]
[Result "0-1"]
[WhiteElo "2355"]
[BlackElo "2540"]
[PlyCount "74"]
[EventDate "2023.07.09"]
[EventType "swiss"]
[EventRounds "9"]
[EventCountry "USA"]
[SourceTitle "CBM 215 Extra"]
[Source "ChessBase"]
[SourceDate "2023.09.30"]
[SourceVersion "1"]
[SourceVersionDate "2023.09.30"]
[SourceQuality "1"]

1. e4 c5 2. Nf3 e6 3. d4 cxd4 4. Nxd4 Nc6 5. Nc3 Qc7 6. Be3 a6 7. g4 b5 8. Nxc6 Qxc6 9. Qd2 b4 10. Ne2 Qxe4 11. Rg1 Qc4 12. Nf4 Qc7 13. 0-0-0 Nf6 14. Bd4 Bb7 15. Nh5 Ne4 16. Qe2 Rg8 17. Bg2 d5 18. f4 0-0-0 19. Qe3 Rd6 20. Be5 f6 21. Bxe4 dxe4 22. Bxd6 Bxd6 23. Rgf1 Kb8 24. Qb3 Rd8 25. Kb1 Bd5 26. Qa4 Rc8 27. Rfe1 Ka7 28. Rc1 Rb8 29. Rcd1 Rb5 30. f5 Ra5 31. Qe8 Bxa2+ 32. Kc1 Bb3 33. Re2 Ra1+ 34. Kd2 Qxc2+ 35. Ke3 Bc5+ 36. Kf4 e5+ 37. Kg3 Qxd1 0-1

[Event "Philadelphia op 16th"]
[Site "Philadelphia"]
[Date "2023.06.26"]
[Round "5"]
[White "Paragua, Mark"]
[Black "Zhou, Jianchao"]
[Result "0-1"]
[WhiteElo "2447"]
[BlackElo "2546"]
[PlyCount "92"]
[EventDate "2023.06.24"]
[EventType "swiss"]
[EventRounds "9"]
[EventCountry "USA"]
[SourceTitle "CBM 215 Extra"]
[Source "ChessBase"]
[SourceDate "2023.09.30"]
[SourceVersion "1"]
[SourceVersionDate "2023.09.30"]
[SourceQuality "1"]

1. e4 c5 2. Nf3 e6 3. g3 Nc6 4. Bg2 Nf6 5. Qe2 e5 6. 0-0 Be7 7. d3 0-0 8. Bg5 h6 9. Bxf6 Bxf6 10. Nc3 d6 11. Nd5 g6 12. c3 Bg7 13. Nd2 Ne7 14. Nxe7+ Qxe7 15. Nc4 b5 16. Ne3 Bb7 17. a4 a6 18. c4 bxc4 19. Nxc4 a5 20. Qd2 Qc7 21. Kh1 Rfd8 22. f4 exf4 23. gxf4 d5 24. exd5 Bxd5 25. Bxd5 Rxd5 26. f5 Ra6 27. Rae1 Rxf5 28. Rxf5 gxf5 29. Qg2 Rg6 30. Qf3 Qd7 31. b3 Bd4 32. Rf1 Qe6 33. Nxa5 Qf6 34. Nc4 f4 35. Nd2 Qg5 36. h3 Qh4 37. Qxf4 Qxf4 38. Rxf4 Be3 39. Rf5 Bxd2 40. Rxc5 Rd6 41. Rb5 Rxd3 42. Kg2 Bc3 43. h4 Kf8 44. h5 Ke7 45. Rb6 Rd5 46. Rc6 Bd2 0-1

[Event "Las Vegas National op"]
[Site "Las Vegas"]
[Date "2023.06.18"]
[Round "9"]
[White "Boros, Denes"]
[Black "Zhou, Jianchao"]
[Result "1/2-1/2"]
[WhiteElo "2400"]
[BlackElo "2546"]
[PlyCount "106"]
[EventDate "2023.06.14"]
[EventType "swiss"]
[EventRounds "9"]
[EventCountry "USA"]
[SourceTitle "CBM 214 Extra"]
[Source "ChessBase"]
[SourceDate "2023.07.31"]
[SourceVersion "1"]
[SourceVersionDate "2023.07.31"]
[SourceQuality "1"]

1. e4 c5 2. Nf3 d6 3. d4 cxd4 4. Qxd4 Nf6 5. Nc3 e5 6. Qe3 a6 7. Bc4 Qc7 8. Bb3 Be7 9. h3 Be6 10. 0-0 Nbd7 11. Rd1 Nc5 12. Qe2 Nxb3 13. cxb3 h6 14. Ne1 Rd8 15. Nd3 0-0 16. Nb4 Rd7 17. Be3 Rc8 18. Nbd5 Nxd5 19. Nxd5 Bxd5 20. Rxd5 Qc2 21. Qg4 Rdc7 22. Bxh6 Bf8 23. Rd2 Qc6 24. Bg5 Qd7 25. Qe2 Qe6 26. Kh2 Qg6 27. Bh4 Qh6 28. Bg3 Be7 29. Rad1 Qe6 30. Qe3 Rc6 31. f4 exf4 32. Qxf4 Re8 33. Rd5 Bf8 34. Qg5 Qxe4 35. Re1 Qxe1 36. Bxe1 Rxe1 37. Qd8 Re2 38. h4 Rxb2 39. Qd7 Rc5 40. Rd4 Re5 41. Qxb7 Rxa2 42. Rf4 Re7 43. Qa8 d5 44. Qxd5 Rae2 45. Rc4 R2e6 46. Rc8 Re8 47. Rxe8 Rxe8 48. h5 Re6 49. g4 g6 50. Kg2 gxh5 51. Qxh5 Rh6 52. Qg5+ Rg6 53. Qh5 Rh6 1/2-1/2

[Event "Las Vegas National op"]
[Site "Las Vegas"]
[Date "2023.06.17"]
[Round "7"]
[White "Zhou, Jianchao"]
[Black "Tang, Zoey"]
[Result "1-0"]
[WhiteElo "2546"]
[BlackElo "2348"]
[PlyCount "119"]
[EventDate "2023.06.14"]
[EventType "swiss"]
[EventRounds "9"]
[EventCountry "USA"]
[SourceTitle "CBM 214 Extra"]
[Source "ChessBase"]
[SourceDate "2023.07.31"]
[SourceVersion "1"]
[SourceVersionDate "2023.07.31"]
[SourceQuality "1"]

1. e4 c5 2. Nf3 d6 3. d4 cxd4 4. Nxd4 Nf6 5. Nc3 Nc6 6. Bg5 e6 7. Qd2 a6 8. 0-0-0 Bd7 9. f3 b5 10. Nxc6 Bxc6 11. Ne2 Be7 12. Nd4 Bb7 13. h4 h6 14. Be3 h5 15. Bg5 Qc7 16. Kb1 Rc8 17. Bd3 Qb6 18. Rhe1 Nd7 19. Bxe7 Kxe7 20. Bf1 Nf6 21. a3 Qc5 22. Nb3 Qc7 23. Na5 Rhd8 24. Rc1 Ba8 25. c4 bxc4 26. Rxc4 Qb8 27. Rxc8 Rxc8 28. Bxa6 Rc5 29. Bf1 g6 30. Nc4 Qc7 31. Qb4 Nd7 32. Rd1 d5 33. Nd2 Qb6 34. Qxb6 Nxb6 35. Rc1 Rxc1+ 36. Kxc1 Kd6 37. b3 dxe4 38. Nxe4+ Bxe4 39. fxe4 Ke5 40. a4 Kxe4 41. a5 Nc8 42. Ba6 Na7 43. b4 Kd5 44. Kc2 f6 45. Kc3 g5 46. hxg5 fxg5 47. Bb7+ Kd6 48. Kc4 Kc7 49. Bf3 g4 50. Be2 Kc6 51. Kd4 e5+ 52. Kxe5 h4 53. Bxg4 Kb5 54. Kf4 Kxb4 55. a6 Kc3 56. Kg5 Kd4 57. Kxh4 Ke5 58. Kg5 Nc6 59. Bf3 Na7 60. g4 1-0

[Event "Chicago op 32nd"]
[Site "Chicago"]
[Date "2023.05.25"]
[Round "1"]
[White "Mishra, Prateek"]
[Black "Zhou, Jianchao"]
[Result "0-1"]
[WhiteElo "2175"]
[BlackElo "2555"]
[PlyCount "50"]
[EventDate "2023.05.25"]
[EventType "swiss"]
[EventRounds "9"]
[EventCountry "USA"]
[SourceTitle "CBM 214 Extra"]
[Source "ChessBase"]
[SourceDate "2023.07.31"]
[SourceVersion "1"]
[SourceVersionDate "2023.07.31"]
[SourceQuality "1"]

1. d4 Nf6 2. c4 e6 3. Nf3 d5 4. Nc3 c6 5. e3 Nbd7 6. Bd3 dxc4 7. Bxc4 b5 8. Bb3 b4 9. Na4 Ba6 10. Qc2 Qa5 11. e4 Rc8 12. Be3 c5 13. dxc5 Ng4 14. Bd4 Bxc5 15. Rc1 Bxd4 16. Qxc8+ Bxc8 17. Rxc8+ Ke7 18. Rxh8 Bxf2+ 19. Kd2 Nc5 20. h3 Nf6 21. Nxc5 Qxc5 22. Bc2 Qe3+ 23. Kd1 Nh5 24. Rb8 Ng3 25. Rb7+ Kd8 0-1

[Event "Space Coast op 28th"]
[Site "Cape Canaveral"]
[Date "2023.05.20"]
[Round "3"]
[White "Zhou, Jianchao"]
[Black "Campos Jimenez, Augusto Cesar"]
[Result "1-0"]
[WhiteElo "2555"]
[BlackElo "2333"]
[PlyCount "55"]
[EventDate "2023.05.19"]
[EventType "swiss"]
[EventRounds "5"]
[EventCountry "USA"]
[SourceTitle "EXT 2024"]
[Source "ChessBase"]
[SourceDate "2023.10.10"]
[SourceVersion "1"]
[SourceVersionDate "2023.10.10"]
[SourceQuality "1"]

1. d4 d5 2. c4 dxc4 3. Nf3 Nf6 4. e3 Bg4 5. Bxc4 e6 6. h3 Bh5 7. 0-0 a6 8. Nc3 Nc6 9. Re1 Bd6 10. g4 Bg6 11. e4 Bb4 12. d5 Bxc3 13. bxc3 Na5 14. Qa4+ c6 15. dxe6 Nxc4 16. Qxc4 0-0 17. Ne5 Qe7 18. Bg5 Qxe6 19. Qxe6 fxe6 20. f3 Rfd8 21. a4 Be8 22. a5 Rd6 23. Rab1 Nd7 24. Nc4 Rd3 25. Re3 Nc5 26. Rxd3 Nxd3 27. Rd1 Nc5 28. Nb6 1-0

[Event "Foxwoods op 15th"]
[Site "Ledyard"]
[Date "2023.04.09"]
[Round "9"]
[White "Benjamin, Joel"]
[Black "Zhou, Jianchao"]
[Result "1/2-1/2"]
[WhiteElo "2498"]
[BlackElo "2555"]
[PlyCount "37"]
[EventDate "2023.04.05"]
[EventType "swiss"]
[EventRounds "9"]
[EventCountry "USA"]
[SourceTitle "CBM 213 Extra"]
[Source "ChessBase"]
[SourceDate "2023.05.31"]
[SourceVersion "1"]
[SourceVersionDate "2023.05.31"]
[SourceQuality "1"]

1. Nf3 d5 2. g3 g6 3. Bg2 Bg7 4. 0-0 e5 5. d3 Ne7 6. e4 Nbc6 7. Nc3 d4 8. Nd5 Nxd5 9. exd5 Ne7 10. Re1 0-0 11. Nxe5 Nxd5 12. Bd2 Re8 13. Qf3 Nf6 14. Qf4 c6 15. Nf3 Rxe1+ 16. Rxe1 Nd5 17. Qh4 Bd7 18. Qxd8+ Rxd8 19. h4 1/2-1/2

[Event "Foxwoods op 15th"]
[Site "Ledyard"]
[Date "2023.04.06"]
[Round "2"]
[White "Rajesh, CS."]
[Black "Zhou, Jianchao"]
[Result "1/2-1/2"]
[WhiteElo "2151"]
[BlackElo "2555"]
[PlyCount "119"]
[EventDate "2023.04.05"]
[EventType "swiss"]
[EventRounds "9"]
[EventCountry "USA"]
[SourceTitle "CBM 213 Extra"]
[Source "ChessBase"]
[SourceDate "2023.05.31"]
[SourceVersion "1"]
[SourceVersionDate "2023.05.31"]
[SourceQuality "1"]

1. d4 Nf6 2. Nf3 d5 3. c3 e6 4. Bf4 Bd6 5. e3 0-0 6. Nbd2 c5 7. Bd3 Bxf4 8. exf4 cxd4 9. Nxd4 Qc7 10. Ne2 b6 11. 0-0 Ba6 12. Qc2 Bxd3 13. Qxd3 Nbd7 14. Nb3 Nc5 15. Nxc5 bxc5 16. b4 Rfc8 17. a4 g6 18. b5 c4 19. Qe3 Ne4 20. f3 Nc5 21. Nd4 Nb3 22. Nxb3 cxb3 23. Rfb1 Qxc3 24. Qxc3 Rxc3 25. Ra3 Rc4 26. a5 Rxf4 27. Raxb3 Rb8 28. b6 axb6 29. Rxb6 Ra8 30. Ra1 Ra7 31. a6 Kg7 32. Kf2 Rc4 33. Ra2 h5 34. Ke3 g5 35. Rb3 Kf6 36. Kd3 Rc6 37. Rba3 Ke5 38. Ra4 h4 39. g3 h3 40. g4 f5 41. gxf5 Kxf5 42. Ke3 e5 43. Kf2 Rc1 44. Ra1 Rc3 45. Ra5 Kf4 46. Rxd5 Rc2+ 47. Kg1 Rac7 48. Rda5 Rg2+ 49. Kf1 Rcc2 50. R5a4+ Kf5 51. a7 Rgf2+ 52. Kg1 Rg2+ 53. Kf1 Rcf2+ 54. Ke1 Re2+ 55. Kd1 Rd2+ 56. Ke1 Rge2+ 57. Kf1 Rf2+ 58. Ke1 Rde2+ 59. Kd1 Rd2+ 60. Ke1 1/2-1/2

[Event "Foxwoods op 15th"]
[Site "Ledyard"]
[Date "2023.04.06"]
[Round "3"]
[White "Zhou, Jianchao"]
[Black "Ansh, M Shah"]
[Result "1-0"]
[WhiteElo "2555"]
[BlackElo "2171"]
[PlyCount "77"]
[EventDate "2023.04.05"]
[EventType "swiss"]
[EventRounds "9"]
[EventCountry "USA"]
[SourceTitle "CBM 213 Extra"]
[Source "ChessBase"]
[SourceDate "2023.05.31"]
[SourceVersion "1"]
[SourceVersionDate "2023.05.31"]
[SourceQuality "1"]

1. c4 Nf6 2. Nc3 e6 3. Nf3 d5 4. e3 Be7 5. b3 0-0 6. Bb2 b6 7. cxd5 exd5 8. g3 Nbd7 9. d4 c5 10. Bg2 Ba6 11. a4 Rc8 12. Nb5 cxd4 13. Nfxd4 Bb4+ 14. Kf1 Ne4 15. Bxe4 dxe4 16. Nf5 Nf6 17. Qxd8 Rfxd8 18. Bxf6 gxf6 19. Kg2 Rc5 20. g4 Bxb5 21. axb5 Rd7 22. Rhc1 Rxb5 23. Rc8+ Bf8 24. Ra4 Rbd5 25. Ra8 a5 26. Rb8 Rd8 27. Rxb6 Re5 28. Rc4 h5 29. h3 hxg4 30. hxg4 Bb4 31. Rc7 Rf8 32. Rxf6 Rc5 33. Rb7 Bc3 34. Rd6 Bb4 35. Rdd7 Rc3 36. Nh6+ Kg7 37. Nxf7 Rxb3 38. Ng5+ Kg6 39. Nxe4 1-0

[Event "Los Angeles 1000GM Spring op"]
[Site "Los Angeles"]
[Date "2023.03.20"]
[Round "7"]
[White "Zhou, Jianchao"]
[Black "Wang, Justin"]
[Result "1/2-1/2"]
[WhiteElo "2550"]
[BlackElo "2485"]
[PlyCount "65"]
[EventDate "2023.03.17"]
[EventType "swiss"]
[EventRounds "9"]
[EventCountry "USA"]
[SourceTitle "CBM 213 Extra"]
[Source "ChessBase"]
[SourceDate "2023.05.31"]
[SourceVersion "1"]
[SourceVersionDate "2023.05.31"]
[SourceQuality "1"]

1. Nf3 Nf6 2. g3 d5 3. Bg2 g6 4. 0-0 Bg7 5. d4 0-0 6. c3 c6 7. a4 Nbd7 8. a5 Re8 9. Bf4 Nh5 10. Bg5 h6 11. Bc1 e5 12. Nxe5 Nxe5 13. dxe5 Rxe5 14. e4 Nf6 15. exd5 cxd5 16. Nd2 Re8 17. Nf3 b6 18. axb6 Qxb6 19. Qd4 Qc6 20. Qa4 Qb7 21. Nd4 a5 22. Qb5 Qxb5 23. Nxb5 Re7 24. Be3 Bf5 25. Rfd1 Rb7 26. Rxd5 Nxd5 27. Bxd5 Rxb5 28. Bxa8 Rxb2 29. Rxa5 Bxc3 30. Rc5 Bg7 31. h4 Rc2 32. Rxc2 Bxc2 33. Bd5 1/2-1/2